| 000 | 01413cam a2200361 i 4500 | ||
|---|---|---|---|
| 001 | 15638503 | ||
| 003 | EG-ScBUE | ||
| 005 | 20240428110659.0 | ||
| 008 | 090225s2010 enkb f b 001 0 eng d | ||
| 020 | _a9780415774611 (pbk. : alk. paper) | ||
| 020 | _a0415774616 (pbk. : alk. paper) | ||
| 035 | _a(OCoLC)ocn166361616 | ||
| 040 |
_aDLC _beng _erda _cDLC _dBTCTA _dBAKER _dYDXCP _dBWK _dC#P _dDLC _dEG-ScBUE |
||
| 043 |
_aa-is--- _ama----- |
||
| 082 | 0 | 4 |
_222 _a956.04 _bMAH |
| 100 | 1 |
_aMahler, Gregory S., _d1950- _eauthor. _922604 |
|
| 245 | 1 | 4 |
_aThe Arab-Israeli conflict : _ban Introduction and documentary reader / _cGregory S. Mahler and Alden R.W. Mahler. |
| 264 | 1 |
_aLondon ; _aNew York : _bRoutledge, _c2010. |
|
| 300 |
_aix, 302 pages : _bmaps ; _c25 cm |
||
| 336 |
_2rdacontent _atext _btxt |
||
| 337 |
_aunmediated _2rdamedia _bn |
||
| 338 |
_avolume _bnc _2rdacarrier |
||
| 504 | _aIncludes bibliographical references and index. | ||
| 650 | 7 |
_aArab-Israeli conflict. _2BUEsh _922605 |
|
| 650 | 7 |
_aArab-Israeli conflict _vSources. _2BUEsh _922606 |
|
| 651 | 7 |
_aMiddle East _xPolitics and government _y1945- _2BUEsh _922607 |
|
| 651 | 7 |
_aMiddle East _xPolitics and government _y1945- _vSources. _2BUEsh _922608 |
|
| 655 | _vReading book | ||
| 700 | 1 |
_aMahler, Alden R. W. _eauthor. _922609 |
|
| 942 |
_2ddc _cBB |
||
| 999 |
_c15022 _d15022 |
||